000 00974nas a2200301 4500
001 BR9702167
003 BR-BrBNA
005 20231205100158.0
007 ta
008 230509b bl.|||p| |||| 00| 00por d
040 _aBR-BrBNA
_bpor
_cBiblioteca Nacional de Agricultura
041 _a(Pt)
072 _aP34
100 1 _aSouza, E.S. de
100 1 _aBurity, H.A.
100 1 _aOliveira, J. de P.
100 1 _aFigueiredo, M. do V.B.
100 1 _aLyra, M. do C.C.P. de
245 1 _aFixacao de N2 e crescimento do calopogonio (Calopognium mucunoides Desv.)e da cunha (Clitoria ternatea L.)apos sucessivos cortes
650 _aCalopogonio
650 _aCunha
650 _aFixacao de Nitrogenio
650 _aNitrogenase
650 _aCrescimento
773 0 _tRevista da Sociedade Brasileira de Zootecnia (Brazil)
_xISSN 0100-4859
_g(Nov-Dec 1996), v. 25(6) p. 1036-1048
_wBR9702167
909 _a202311
_bLúcia
_c55
_dLúcia Elande
942 _2AGRIS
_n0
_cANA
999 _c154627
_d154627